000 00965nac a22002171u 4500
008 100907t xxu||||| |||| 00| 0 eng d
010 _a 95037679
020 _a0673997863
082 0 0 _a624.1821
_bSAL
100 _aSalmon, Charles G.
_918659
245 1 0 _aSteel Structures :
_bDesign and Behavior : Emphasizing Load and Resistance Factor Design /
_cCharles G. Salmon, John E. Johnson.
250 _a4th ed.
260 _aNew York, NY :
_bHarperCollins College Publishers, 1996
_cc1996.
300 _axv, 1024 p. :
_bill. ;
_c25 cm.
504 _aIncludes bibliographical references and index.
650 0 _aBuilding, Iron and steel.
_918660
650 0 _aSteel, Structural.
_918661
700 1 _aJohnson, John Edwin,
_d1931-
_918662
942 _cBB
_k624.1821SAL
_2ddc
999 _c3002
_d3002